| 000 | 01078nam a22002537a 4500 | ||
|---|---|---|---|
| 005 | 20170124102950.0 | ||
| 010 | _aB-053094 | ||
| 020 | _c75.00 | ||
| 035 | _aB-053094 | ||
| 037 | _bCen Lib/Ret | ||
| 040 |
_aDPL _bHN |
||
| 082 |
_a822 _bव्यासनि |
||
| 100 |
_aव्यास, निर्मोही _951434 |
||
| 245 |
_aकथा एक रंगकर्मी की / _cनिर्मोही व्यास |
||
| 246 |
_aKatha ek rangkarmi ki / _bby Nirmohi Vyas |
||
| 260 |
_aबीकानेर _bचयन प्रकाशन _c1999 |
||
| 270 |
_bबीकानेर _aहनुमान हत्था, राष्ट्रदूत प्रेस के पास _e334001 |
||
| 300 |
_a88पृ. _c19सेमी(सजिल्द) |
||
| 650 |
_aहिंदी साहित्य _951435 |
||
| 650 |
_aहिंदी साहित्य -- नाटक _951436 |
||
| 650 |
_aHindi literature _951437 |
||
| 650 |
_aHindi literature -- Drama _951438 |
||
| 942 |
_2ddc _cHN _h822 _mव्यासनि |
||
| 999 |
_c113274 _d113274 |
||